How to simplify your love : (Record no. 19867)

MARC details
000 -LEADER
fixed length control field 01293nam a2200277 a 4500
005 - DATE AND TIME OF LATEST TRANSACTION
control field 20081016113646.0
008 - FIXED-LENGTH DATA ELEMENTS--GENERAL INFORMATION
fixed length control field 080303s2008 nyua b 001 0 eng
010 ## - LCCN (DPL NO)
LC control number ENG-92193
020 ## - INTERNATIONAL STANDARD BOOK NUMBER
International Standard Book Number 9780070139497
Terms of availability 256.00
020 ## - INTERNATIONAL STANDARD BOOK NUMBER
International Standard Book Number 0070139490
Terms of availability 256.00
035 ## - SYSTEM CONTROL NUMBER
System control number EN-75726
037 ## - SOURCE OF ACQUISITION
Source of stock number/acquisition DBAD / PUB
040 ## - CATALOGING SOURCE
Original cataloging agency dpl
Language of cataloging English
082 ## - DEWEY DECIMAL CLASSIFICATION NUMBER
Classification number 152.41
100 ## - MAIN ENTRY--PERSONAL NAME
Personal name Küstenmacher, Marion.
245 ## - TITLE STATEMENT
Title How to simplify your love :
Remainder of title a guide to a happier, more fulfilling relationship /
Statement of responsibility, etc by Marion Küstenmacher, Werner Tiki Küstenmacher.
260 ## - PUBLICATION, DISTRIBUTION, ETC. (IMPRINT)
Place of publication, distribution, etc New Delhi
Name of publisher, distributor, etc Tata McGraw-Hill Publishing
Date of publication, distribution, etc 2008.
300 ## - PHYSICAL DESCRIPTION
Extent xviii, 238 p. :
Other physical details ill. ;
Dimensions 23 cm (pbk)
500 ## - GENERAL NOTE
General note Includes index.
505 ## - FORMATTED CONTENTS NOTE
Formatted contents note Introduction: Welcome to the land of love -- The first dwelling of love : the tower -- Simplifying idea 1: get to know yourself -- Simplifying idea 2: get closer to yourself -- Simplifying idea 3: fix yourself up -- Simplifying idea 4: prepare yourself fo
650 ## - SUBJECT ADDED ENTRY--TOPICAL TERM
Topical term or geographic name as entry element Love.
650 ## - SUBJECT ADDED ENTRY--TOPICAL TERM
Topical term or geographic name as entry element Interpersonal relations.
700 ## - ADDED ENTRY--PERSONAL NAME
Personal name Küstenmacher, Werner Tiki
942 ## - ADDED ENTRY ELEMENTS (KOHA)
Source of classification or shelving scheme Dewey Decimal Classification
Item type English Books
Classification part 152.41
Call number suffix KUS
Holdings
Withdrawn status Lost status Source of classification or shelving scheme Damaged status Not for loan Collection code Home library Current library Date acquired Source of acquisition Cost, normal purchase price Total Checkouts Full call number Barcode Date last seen Copy number Cost, replacement price Koha item type
    Dewey Decimal Classification   Not For Loan Non-fiction D.B.Act.Division D.B.Act.Division 15/12/2008 DBAD / PUB 256.00   152.41 KUS EN-75726 15/12/2008 1 256.00 English Books

© Delhi Public Library
Hit Counter
free hit counter